[Event "FIDE World Cup"]
[Site "Khanty Mansyisk RUS"]
[Date "2005.11.27"]
[EventDate "2005.11.27"]
[Round "1"]
[Result "1/2-1/2"]
[White "Csaba Balogh"]
[Black "Sergey Karjakin"]
[WhiteElo "2567"]
[BlackElo "2658"]
[PlyCount "37"]

1. e4 c5 2. Nf3 d6 3. d4 cxd4 4. Nxd4 Nf6 5. Nc3 a6 6. Be3 e5
7. Nf3 Be7 8. Bc4 O-O 9. O-O Be6 10. Bb3 Nc6 11. Qe2 Na5
12. Rfd1 Qc7 13. Bg5 Rac8 14. Rac1 Nxb3 15. axb3 Nh5 16. Be3
Nf6 17. Bg5 Nh5 18. Be3 Nf6 19. Bg5 1/2-1/2

[Event "FIDE World Cup"]
[Site "Khanty Mansyisk RUS"]
[Date "2005.11.27"]
[EventDate "2005.11.27"]
[Round "1.2"]
[Result "1/2-1/2"]
[White "Sergey Karjakin"]
[Black "Csaba Balogh"]
[WhiteElo "2658"]
[BlackElo "2567"]
[PlyCount "145"]

1. e4 c5 2. Nf3 d6 3. d4 cxd4 4. Nxd4 Nf6 5. Nc3 Nc6 6. Bg5
Bd7 7. Qd2 Rc8 8. f4 h6 9. Bh4 g5 10. fxg5 hxg5 11. Bxg5 Bg7
12. O-O-O Nxd4 13. Qxd4 Qa5 14. Bd2 Kf8 15. h3 Be6 16. a3 Ng4
17. Qg1 Ne5 18. Kb1 Bc4 19. Qf2 Qc5 20. Be3 Qa5 21. Bd4 Rh6
22. Bxc4 Rxc4 23. Nd5 e6 24. Ne3 Rc6 25. g4 Rf6 26. Qe2 Rf3
27. Rdf1 Qa6 28. Qxa6 Rxa6 29. c3 Bh6 30. Nc2 Ra5 31. Ka2 Rg3
32. Bf2 Rd3 33. Rd1 Rf3 34. Bh4 Ng6 35. Bd8 Re5 36. h4 Rf2
37. Nb4 Rxe4 38. g5 Bg7 39. h5 Nf4 40. Bf6 Bxf6 41. gxf6 Ree2
42. Rxd6 Rxb2+ 43. Ka1 Rbd2 44. Rd1 Rxd6 45. Rxd6 Ke8 46. h6
Rh2 47. Rd4 Nh5 48. Rc4 Nxf6 49. Rc8+ Kd7 50. Rf8 Rxh6
51. Rxf7+ Kc8 52. Kb2 Ne4 53. Nd3 Rh2+ 54. Kb3 Rh3 55. Kc2
Rh2+ 56. Kb3 Rd2 57. Ne5 Rd5 58. Rf8+ Kc7 59. Rf7+ Kb6
60. Nc4+ Kc6 61. Rf8 Nd2+ 62. Nxd2 Rxd2 63. Re8 Rd6 64. Re7
Kd5 65. a4 Rb6+ 66. Kc2 Ke4 67. a5 Ra6 68. Rxb7 Rxa5 69. c4 e5
70. Rd7 Kf3 71. Rd5 Rxd5 72. cxd5 e4 73. d6 1/2-1/2

[Event "FIDE World Cup"]
[Site "Khanty Mansyisk RUS"]
[Date "2005.11.29"]
[EventDate "2005.11.29"]
[Round "1.4"]
[Result "1/2-1/2"]
[White "Sergey Karjakin"]
[Black "Csaba Balogh"]
[WhiteElo "2658"]
[BlackElo "2567"]
[PlyCount "111"]

1. e4 c5 2. Nf3 d6 3. d4 cxd4 4. Nxd4 Nf6 5. Nc3 Nc6 6. Bg5
Bd7 7. Qd2 Rc8 8. f4 h6 9. Bxf6 gxf6 10. O-O-O Nxd4 11. Qxd4
Qa5 12. Be2 Qc5 13. Qd3 f5 14. e5 Bg7 15. Rhg1 h5 16. Kb1 Kf8
17. Bf3 b5 18. Ne2 Qc4 19. exd6 e6 20. Qxc4 Rxc4 21. b3 Rc5
22. Nc1 b4 23. Nd3 Rb5 24. Rge1 Bc3 25. Ne5 Ke8 26. Re3 Rc5
27. Be2 h4 28. Bc4 Rg8 29. g3 hxg3 30. hxg3 Rh8 31. a4 Rh3
32. Nd3 Rc6 33. Nc1 a5 34. Ne2 Bg7 35. c3 bxc3 36. Nxc3 Rh2
37. Ne2 Rc5 38. Nd4 Kd8 39. Re2 Rxe2 40. Bxe2 Rc3 41. Bc4 Bxa4
42. bxa4 Rxc4 43. Nf3 Rxa4 44. Kc2 Kd7 45. Ng5 Rc4+ 46. Kb3
Rb4+ 47. Ka3 Rd4 48. Rb1 Kxd6 49. Nxf7+ Kc5 50. Ng5 Rd3+
51. Ka4 Rxg3 52. Nxe6+ Kd5 53. Ng5 Bh6 54. Rb5+ Kc6 55. Ne6
Ra3+ 56. Kxa3 1/2-1/2

[Event "World Chess Cup"]
[Site "Khanty-Mansiysk RUS"]
[Date "2007.11.30"]
[EventDate "2007.11.24"]
[Round "3.1"]
[Result "1/2-1/2"]
[White "Sergey Karjakin"]
[Black "Etienne Bacrot"]
[WhiteElo "2694"]
[BlackElo "2695"]
[PlyCount "52"]

1. e4 e5 2. Nf3 Nc6 3. Bb5 a6 4. Ba4 Nf6 5. O-O Be7 6. Re1 b5
7. Bb3 O-O 8. h3 Bb7 9. d3 d5 10. exd5 Nxd5 11. Nxe5 Nd4
12. Nd2 c5 13. a4 Nf4 14. Nef3 Bxf3 15. Nxf3 Nxb3 16. cxb3 Ne6
17. Be3 Bf6 18. Qc2 Qd5 19. Rec1 h6 20. Nd2 Be7 21. axb5 axb5
22. Rxa8 Rxa8 23. Nf3 Ra2 24. b4 cxb4 25. d4 Bf6 26. Rd1 Ra8
1/2-1/2

[Event "World Chess Cup"]
[Site "Khanty-Mansiysk RUS"]
[Date "2007.12.01"]
[EventDate "2007.11.24"]
[Round "3.2"]
[Result "1/2-1/2"]
[White "Etienne Bacrot"]
[Black "Sergey Karjakin"]
[WhiteElo "2695"]
[BlackElo "2694"]
[PlyCount "31"]

1. d4 d5 2. c4 c6 3. Nf3 Nf6 4. e3 Bg4 5. Nc3 e6 6. h3 Bxf3
7. Qxf3 Nbd7 8. Bd2 Bb4 9. Bd3 O-O 10. a3 Ba5 11. cxd5 cxd5
12. O-O Re8 13. Rac1 e5 14. Bc2 exd4 15. exd4 Bxc3 16. Qxc3
1/2-1/2

[Event "World Chess Cup"]
[Site "Khanty-Mansiysk RUS"]
[Date "2007.12.02"]
[EventDate "2007.11.24"]
[Round "3.4"]
[Result "1-0"]
[White "Sergey Karjakin"]
[Black "Etienne Bacrot"]
[WhiteElo "2694"]
[BlackElo "2695"]
[PlyCount "47"]

1. e4 c5 2. Nf3 e6 3. d4 cxd4 4. Nxd4 a6 5. Bd3 g6 6. O-O Bg7
7. Nb3 d6 8. c4 Nf6 9. Nc3 Nc6 10. Be2 Qc7 11. Bf4 Ne5 12. Qd2
O-O 13. Rfd1 Ne8 14. Rac1 f5 15. exf5 gxf5 16. c5 dxc5 17. Qe3
c4 18. Na4 b5 19. Nb6 Bb7 20. Nxa8 Bxa8 21. Qg3 Kh8 22. Nd4
Bd5 23. Re1 Qd6 24. Bh5 1-0

[Event "World Chess Cup"]
[Site "Khanty-Mansiysk RUS"]
[Date "2007.12.02"]
[EventDate "2007.11.24"]
[Round "3.3"]
[Result "0-1"]
[White "Etienne Bacrot"]
[Black "Sergey Karjakin"]
[WhiteElo "2695"]
[BlackElo "2694"]
[PlyCount "60"]

1. d4 d5 2. c4 c6 3. Nf3 Nf6 4. e3 a6 5. Nc3 b5 6. c5 Nbd7
7. Bd3 e5 8. Nxe5 Nxe5 9. dxe5 Ng4 10. f4 Bxc5 11. Qf3 Qb6
12. Nd1 Nh6 13. f5 Qc7 14. Bd2 O-O 15. Rc1 Bb6 16. f6 Re8
17. Qg3 Ng4 18. Nf2 Qxe5 19. Nxg4 Bxg4 20. Rxc6 Bxe3 21. Qxg4
g6 22. Kd1 Bxd2 23. Kxd2 Qxb2+ 24. Bc2 h5 25. Qf4 Rac8
26. Rxc8 Rxc8 27. Rc1 Rc4 28. Qg5 Rd4+ 29. Ke2 Rg4 30. Qe3 Re4
0-1

[Event "World Chess Cup"]
[Site "Khanty-Mansiysk RUS"]
[Date "2007.12.03"]
[EventDate "2007.11.24"]
[Round "4.1"]
[Result "1/2-1/2"]
[White "Sergey Karjakin"]
[Black "Liviu Dieter Nisipeanu"]
[WhiteElo "2694"]
[BlackElo "2668"]
[PlyCount "40"]

1. e4 c6 2. d4 d5 3. e5 Bf5 4. Nf3 e6 5. Be2 Nd7 6. O-O h6
7. Nbd2 Ne7 8. Nb3 g5 9. Ne1 c5 10. Nxc5 Nxc5 11. dxc5 Nc6
12. Bd3 Be4 13. f3 Bxc5+ 14. Kh1 Bf5 15. Bxf5 exf5 16. Nd3 Bb6
17. f4 g4 18. Bd2 h5 19. Bb4 h4 20. c3 h3 1/2-1/2

[Event "World Chess Cup"]
[Site "Khanty-Mansiysk RUS"]
[Date "2007.12.04"]
[EventDate "2007.11.24"]
[Round "4.2"]
[Result "0-1"]
[White "Liviu Dieter Nisipeanu"]
[Black "Sergey Karjakin"]
[WhiteElo "2668"]
[BlackElo "2694"]
[PlyCount "74"]

1. e4 c5 2. Nf3 d6 3. d4 cxd4 4. Nxd4 Nf6 5. Nc3 a6 6. Be3 e5
7. Nb3 Be6 8. Qd2 Nbd7 9. O-O-O b5 10. f4 Be7 11. Kb1 O-O
12. f5 Bc4 13. g4 Nxg4 14. Rg1 Nxe3 15. Qxe3 Bxb3 16. Qh6
Bxc2+ 17. Kxc2 Bf6 18. Rxd6 Kh8 19. Qd2 Ra7 20. Kb1 Qc7
21. Rd3 Nb6 22. Nd5 Nxd5 23. Rxd5 Rd8 24. Be2 Rxd5 25. Qxd5 g6
26. Rc1 Qe7 27. Qc5 Kg7 28. Qxe7 Bxe7 29. Rc6 Kh6 30. a4 bxa4
31. Rxa6 Rxa6 32. Bxa6 Kg5 33. fxg6 fxg6 34. Kc2 Kh4 35. Bc8
g5 36. Kd3 g4 37. Kc4 Kh3 0-1

[Event "World Chess Cup"]
[Site "Khanty-Mansiysk RUS"]
[Date "2007.12.07"]
[EventDate "2007.11.24"]
[Round "5.2"]
[Result "1/2-1/2"]
[White "Evgeny Alekseev"]
[Black "Sergey Karjakin"]
[WhiteElo "2716"]
[BlackElo "2694"]
[PlyCount "64"]

1. e4 c5 2. Nf3 d6 3. d4 cxd4 4. Nxd4 Nf6 5. Nc3 a6 6. Bg5 e6
7. f4 Nbd7 8. Qe2 Qc7 9. O-O-O b5 10. a3 Bb7 11. g4 Be7
12. Bg2 Qc4 13. Qd2 b4 14. axb4 Qxb4 15. e5 dxe5 16. Nc6 Bxc6
17. Bxc6 O-O-O 18. Qg2 Nc5 19. fxe5 Nd5 20. Bd2 Nf4 21. Bxf4
Qxf4+ 22. Kb1 Qxe5 23. Ne4 Kc7 24. Nxc5 Qxc5 25. Ba4 Bf6
26. Rhf1 Kb6 27. g5 Be5 28. c3 f6 29. gxf6 gxf6 30. Bb3 Qc6
31. Qxc6+ Kxc6 32. Rxd8 Rxd8 1/2-1/2

[Event "World Chess Cup"]
[Site "Khanty-Mansiysk RUS"]
[Date "2007.12.08"]
[EventDate "2007.11.24"]
[Round "5.3"]
[Result "1/2-1/2"]
[White "Evgeny Alekseev"]
[Black "Sergey Karjakin"]
[WhiteElo "2716"]
[BlackElo "2694"]
[PlyCount "44"]

1. e4 e5 2. Nf3 Nc6 3. Bb5 a6 4. Ba4 Nf6 5. O-O Bc5 6. c3 b5
7. Bb3 d6 8. a4 Rb8 9. axb5 axb5 10. d3 O-O 11. Bg5 h6 12. Bh4
g5 13. Bg3 Bg4 14. h3 Bh5 15. Re1 Qd7 16. Nbd2 g4 17. hxg4
Bxg4 18. Nf1 Nh5 19. Bd5 Ne7 20. Bb3 Nc6 21. Bd5 Ne7 22. Bb3
Nc6 1/2-1/2

[Event "World Chess Cup"]
[Site "Khanty-Mansiysk RUS"]
[Date "2007.12.08"]
[EventDate "2007.11.24"]
[Round "5.4"]
[Result "1-0"]
[White "Sergey Karjakin"]
[Black "Evgeny Alekseev"]
[WhiteElo "2694"]
[BlackElo "2716"]
[PlyCount "53"]

1. e4 c5 2. Nf3 d6 3. d4 cxd4 4. Nxd4 Nf6 5. Nc3 a6 6. Be3 e5
7. Nb3 Be7 8. f3 Be6 9. Qd2 Nbd7 10. g4 O-O 11. O-O-O Qc7
12. Kb1 b5 13. g5 Nh5 14. f4 exf4 15. Bxf4 Nxf4 16. Qxf4 Rac8
17. Nd4 Nb6 18. Bd3 Qc5 19. Nf5 Rce8 20. Nxe7+ Rxe7 21. e5 d5
22. h4 Nc4 23. h5 d4 24. h6 g6 25. Nd5 Qxd5 26. Bxc4 Qxc4
27. Qf6 1-0

[Event "World Cup"]
[Site "Khanty-Mansiysk RUS"]
[Date "2009.11.21"]
[EventDate "2009.11.21"]
[Round "1.1"]
[Result "0-1"]
[White "Andres Rodriguez Vila"]
[Black "Sergey Karjakin"]
[WhiteElo "2508"]
[BlackElo "2723"]
[PlyCount "146"]

1. f4 d5 2. Nf3 Nf6 3. g3 g6 4. Bg2 Bg7 5. O-O O-O 6. d3 c5
7. Nc3 d4 8. Na4 Nbd7 9. c4 Rb8 10. Rb1 b6 11. b4 Qc7 12. bxc5
bxc5 13. Rxb8 Qxb8 14. Qb3 Qc7 15. Bd2 Bb7 16. Rb1 Ba8 17. Qa3
Rc8 18.Rb5 Qd6 19.Ra5 a6 20.Nb2 Bb7 21.Nd1 Ne8 22.Nf2 f5
23.Qc1 Nc7 24.Ra3 h6 25.Qf1 Re8 26.Rb3 Bc6 27.h4 Kh7 28.h5
gxh5 29.Nh4 e6 30.Ba5 Rb8 31.Bxc6 Qxc6 32.Qg2 Qxg2+ 33.Kxg2
Ne8 34.Nf3 Bf8 35.Rxb8 Nxb8 36.Ne5 Bd6 37.Nd1 Kg7 38.Nb2 Nf6
39.Bb6 Nfd7 40.Nxd7 Nxd7 41.Bd8 Kf7 42.Na4 e5 43.fxe5 Bxe5
44.Kh3 f4 45.gxf4 Bxf4 46.Ba5 Ke6 47.Bd8 Kf5 48.Ba5 Bd6 49.Bd2
Kg6 50.Bc1 Be7 51.Bf4 h4 52.e4 Nf8 53.Nb6 Ne6 54.Nd5 Kh5
55.Bd2 Bg5 56.Be1 Bd8 57.e5 Kg6 58.Bd2 Bg5 59.Bxg5 Kxg5 60.a3
a5 61.a4 h5 62.Kh2 Kg4 63.Kg2 h3+ 64.Kh2 h4 65.Ne7 Kf3 66.Kxh3
Ke3 67.Kg4 Kxd3 68.Kf5 h3 69.Kxe6 h2 70.Kd6 h1=Q 71.Nc6 Kxc4
72.Nxa5+ Kb4 73.Nc6+ Qxc6+ 0-1

[Event "World Cup"]
[Site "Khanty-Mansiysk RUS"]
[Date "2009.11.26"]
[EventDate "2009.11.21"]
[Round "2.3"]
[Result "1/2-1/2"]
[White "Artyom Timofeev"]
[Black "Sergey Karjakin"]
[WhiteElo "2651"]
[BlackElo "2723"]
[PlyCount "54"]

1. e4 e5 2. Nf3 Nc6 3. Bb5 a6 4. Ba4 Nf6 5. O-O Be7 6. Re1 b5
7. Bb3 d6 8. a4 b4 9. c3 O-O 10. a5 Rb8 11. Bc4 d5 12. exd5
Nxd5 13. Nxe5 Nxe5 14. Rxe5 Bb7 15. d4 Bf6 16. Re1 c5 17. Bf1
cxd4 18. cxd4 Re8 19. Rxe8+ Qxe8 20. Nd2 Bxd4 21. Nc4 Bc5
22. Qg4 Qc6 23. Ne5 Qf6 24. Nd3 Bd6 25. Bd2 h6 26. Rc1 Rd8
27. h3 Bf8 1/2-1/2

[Event "World Cup"]
[Site "Khanty-Mansiysk RUS"]
[Date "2009.11.26"]
[EventDate "2009.11.21"]
[Round "2.6"]
[Result "1/2-1/2"]
[White "Sergey Karjakin"]
[Black "Artyom Timofeev"]
[WhiteElo "2723"]
[BlackElo "2651"]
[PlyCount "77"]

1. e4 c5 2. Nf3 e6 3. d4 cxd4 4. Nxd4 a6 5. Bd3 Nf6 6. O-O d6
7. c4 Be7 8. Nc3 O-O 9. Be3 Qc7 10. Rc1 Nbd7 11. f4 Re8 12. g4
Nc5 13. Bb1 e5 14. Nf5 Bxf5 15. exf5 exf4 16. Bd4 h6 17. h4
Nh7 18. Nd5 Qd8 19. g5 hxg5 20. Qh5 Bf8 21. hxg5 Qxg5+
22. Qxg5 Nxg5 23. Nc7 b5 24. Nxa8 Rxa8 25. b4 Nd7 26. c5 Ne5
27. Kh1 Nef3 28. Rxf3 dxc5 29. Bxc5 Nxf3 30. Be4 Rd8 31. Bxf3
Rd3 32. Kg2 Rd2+ 33. Kh3 Rxa2 34. f6 gxf6 35. Kg4 a5 36. bxa5
Rxa5 37. Bxf8 Kxf8 38. Rc5 Kg7 39. Be4 1/2-1/2

[Event "World Cup"]
[Site "Khanty-Mansiysk RUS"]
[Date "2011.08.29"]
[EventDate "2011.08.28"]
[Round "1.2"]
[Result "1-0"]
[White "Sergey Karjakin"]
[Black "Mejdi Kaabi"]
[WhiteElo "2788"]
[BlackElo "2344"]
[PlyCount "73"]

1. e4 e5 2. Nf3 Nc6 3. Bb5 a6 4. Ba4 Nf6 5. O-O Be7 6. Re1 b5
7. Bb3 O-O 8. a4 Bb7 9. d3 d6 10. Nbd2 Re8 11. c3 Bf8 12. Ba2
Qd7 13. Nf1 g6 14. Ng3 Bg7 15. h4 Re7 16. h5 Qg4 17. Bg5 Nd8
18. hxg6 hxg6 19. Nf1 Ne6 20. Ne3 Qh5 21. Bh4 Ree8 22. g3 Ng4
23. Bxe6 fxe6 24. Nxg4 Qxg4 25. Kg2 d5 26. Ng5 Qxd1 27. Rexd1
Bh6 28. f3 Bxg5 29. Bxg5 Kg7 30. Rh1 c5 31. Rh4 Rg8 32. Rah1
Kf7 33. a5 c4 34. d4 dxe4 35. fxe4 exd4 36. Rf4+ Ke8 37. Rh7
1-0